Vzťah splatnej a odloženej dane z príjmov

Daň z príjmov ako súčasť nákladov ÚJ, jej klasifikácia. Splatná daň z príjmov. Odložená daň z príjmov. Výpočet splatnej a odloženej dane z príjmov. Ilustračný príklad.

Salvato in:
Dettagli Bibliografici
Autore principale: Šlosárová, Anna
Natura: Capitolo di libro
Lingua:slovacco
Soggetti:
Tags: Aggiungi Tag
Nessun Tag, puoi essere il primo ad aggiungerne!!

MARC

LEADER 00000naa$a2200000$$$4500
001 0068346
005 20240502071826.7
041 0 |a slo 
044 |a SK 
245 1 0 |a Vzťah splatnej a odloženej dane z príjmov  |c Anna Šlosárová 
520 |a Daň z príjmov ako súčasť nákladov ÚJ, jej klasifikácia. Splatná daň z príjmov. Odložená daň z príjmov. Výpočet splatnej a odloženej dane z príjmov. Ilustračný príklad. 
610 2 0 |a dane z príjmov 
610 2 0 |a účtovníctvo podvojné 
610 2 0 |a jednotka účtovná 
610 2 0 |a základ dane 
610 2 0 |a dane odložené 
100 1 |a Šlosárová, Anna